000 00741nam a22002297a 4500
003 UA-OsUOA
001 83383
007 ta
008 20120410b un ||||| |||| 00| 0 ukr d
100 _aДанілов О.Д.
700 _aПаєнтко Т.В.
090 _a330(477)
_bД18
942 _cSA
040 _aUA-OsUOA
_bukr
_cUA-OsUOA
_dUA-OsUOA
245 _aФінансово-економічні та психографічні фаткори розвитку ринку житлової нерухомості в Україні
300 _aС.51-61
955 _a0
041 _aukr
080 _a330(477)
773 0 _w83376
_tФінанси України
_dК.
_d2011
_g12
650 7 _a330 Економіка взагалі
_2UDC
999 _c369694
_d369694